Identificación sistemática de compuestos orgánicos
| Main Authors: | , , |
|---|---|
| Format: | Section = Libro |
| Language: | Undetermined Spanish |
| Published: |
México
Limusa
1997
|
| Subjects: |
| LEADER | 00534nam a2200205Ia 4500 | ||
|---|---|---|---|
| 008 | 240830s9999 xx 000 0 und d | ||
| 020 | |a 968-18-0920-3 | ||
| 040 | |a CEDOC FIQ-RUSB / 547 S561 | ||
| 041 | |a spa | ||
| 082 | |a 547 S561 | ||
| 100 | 1 | |a Shriner, Ralph L. | |
| 100 | 1 | |b Fuson, Reynold | |
| 100 | 1 | |c Curtin, David Y. | |
| 245 | 1 | 0 | |a Identificación sistemática de compuestos orgánicos |
| 260 | |a México |b Limusa |c 1997 | ||
| 300 | |a 479 p. :il | ||
| 650 | 7 | |a QUIMICA ORGANICA | |
| 942 | |c BK |2 ddc | ||
| 991 | |a TEXTO | ||
| 999 | |c 14060 | ||